Najdrahšia značka na svete

Vznik, vývoj výroby a reklamy Coca-Coly. Investície do reklamného priemyslu. Zisky a tržby.

Gespeichert in:
Bibliographische Detailangaben
1. Verfasser: Lipianska, Ľudmila
Format: Buchkapitel
Sprache:Slowakisch
Schlagworte:
Tags: Tag hinzufügen
Keine Tags, Fügen Sie das erste Tag hinzu!

MARC

LEADER 00000naa a2200000 4500
001 r048905
005 20230920090648.6
041 0 |a slo 
044 |a SK 
245 1 0 |a Najdrahšia značka na svete  |c Ľudmila Lipianska 
520 |a Vznik, vývoj výroby a reklamy Coca-Coly. Investície do reklamného priemyslu. Zisky a tržby. 
610 2 0 |a značky kvality 
610 2 0 |a značky výrobkov 
610 2 0 |a reklama 
610 2 0 |a firmy 
610 2 0 |a zisk 
100 1 |a Lipianska, Ľudmila